[Event "2nd MAIG Team Standard"]
[Site "Macau CHN"]
[Date "2007.10.29"]
[Round "3"]
[White "Ganguly, S."]
[Black "Megaranto, S."]
[Result "1-0"]
[WhiteElo "2585"]
[BlackElo "2569"]
[PlyCount "123"]
[EventDate "2007.10.28"]
[SourceDate "1999.07.01"]

1. e4 d5 2. exd5 Qxd5 3. Nc3 Qa5 4. d4 c6 5. Bc4 Nf6 6. Qe2 Bf5 7. Bd2 Qc7 8.
Nf3 e6 9. O-O-O Nbd7 10. Ne5 Bb4 11. f3 Nxe5 12. dxe5 Nd5 13. Bxd5 exd5 14. g4
Bg6 15. Ne4 Bxd2+ 16. Nxd2 O-O-O 17. f4 f5 18. Nf1 Rhf8 19. Ng3 Kb8 20. h4 fxg4
21. Qxg4 Qf7 22. Rhf1 Bf5 23. Nxf5 Qxf5 24. Qxg7 Rg8 25. Qe7 Rde8 26. Qd6+ Ka8
27. Qa3 Rg4 28. Qd3 Qf7 29. Qf3 Rxh4 30. Rde1 Qf5 31. Qd3 Rh5 32. Qxf5 Rxf5 33.
Kd2 Kb8 34. Ke3 Ref8 35. Rf2 Rg8 36. Rh1 h5 37. Rh4 Kc7 38. Rfh2 Rg3+ 39. Kf2
Rg7 40. Ke3 Rg3+ 41. Kf2 Rg7 42. Rh1 Kd7 43. Kf3 Rgg5 44. c4 Ke6 45. cxd5+ cxd5
46. Rc1 Rg7 47. Rch1 Rgg5 48. b4 a6 49. a4 Kd7 50. Rd1 Ke6 51. a5 Rg7 52. Rdh1
Rgf7 53. Ke3 Rg7 54. Rxh5 Rg3+ 55. Kf2 Rg4 56. Rxf5 Kxf5 57. Ke3 Rg3+ 58. Kd4
Rb3 59. Re1 Rxb4+ 60. Kxd5 Rb2 61. e6 Rd2+ 62. Kc5 1-0

[Event "JAPFA Match"]
[Site "Jakarta INA"]
[Date "2007.02.09"]
[Round "3"]
[White "Zhang Zhong"]
[Black "Megaranto, S."]
[Result "1/2-1/2"]
[WhiteElo "2618"]
[BlackElo "2517"]
[PlyCount "93"]
[EventDate "2007.02.07"]
[SourceDate "1999.07.01"]

1. e4 d5 2. exd5 Qxd5 3. Nc3 Qa5 4. d4 c6 5. Nf3 Nf6 6. Bc4 Bf5 7. Bd2 e6 8.
Nd5 Qd8 9. Nxf6+ gxf6 10. Bb3 Nd7 11. Qe2 Bg6 12. O-O-O Qc7 13. Nh4 O-O-O 14.
g3 Bd6 15. Rhe1 Kb8 16. Kb1 Ka8 17. a3 Rhg8 18. Ka1 Rc8 19. Qf3 Rgd8 20. Ka2
Be7 21. c3 c5 22. Bf4 Qa5 23. Nxg6 hxg6 24. dxc5 Nxc5 25. Bc2 e5 26. Bc1 Qa6
27. Kb1 Qe6 28. h4 f5 29. Qe2 e4 30. Be3 Nd7 31. Qb5 a6 32. Qd5 Ne5 33. Qxe6
fxe6 34. Bb6 Rxd1+ 35. Rxd1 Nc4 36. Bd4 e5 37. Be3 Nxe3 38. fxe3 Bc5 39. Re1 g5
40. Rf1 gxh4 41. gxh4 Rf8 42. h5 Bxe3 43. Bxe4 Bf4 44. Bc2 Kb8 45. h6 Bxh6 46.
Rxf5 Rxf5 47. Bxf5 1/2-1/2

[Event "5th DA Tan Malaysian Open"]
[Site "Kuala Lumpur MAS"]
[Date "2008.08.20"]
[Round "5"]
[White "Iuldachev, S."]
[Black "Megaranto, S."]
[Result "1/2-1/2"]
[WhiteElo "2520"]
[BlackElo "2532"]
[PlyCount "129"]
[EventDate "2008.08.18"]
[SourceDate "1999.07.01"]

1. e4 d5 2. exd5 Qxd5 3. Nc3 Qa5 4. d4 c6 5. Bc4 Nf6 6. Nf3 Bf5 7. Bd2 e6 8.
Nd5 Qd8 9. Nxf6+ gxf6 10. Bb3 Nd7 11. Qe2 Qc7 12. Nh4 Bg6 13. O-O-O O-O-O 14.
g3 Bd6 15. Nxg6 hxg6 16. h4 f5 17. Bg5 Rde8 18. h5 gxh5 19. Rxh5 Rhg8 20. Bh4
a6 21. Kb1 Kb8 22. c4 Rc8 23. c5 Bf8 24. Rh7 Bg7 25. g4 f4 26. Qf3 Ka7 27. Bg5
Nf8 28. Bxf4 Qd7 29. Rh5 Ng6 30. Be3 Qe7 31. a3 Bf6 32. Qe4 Rcd8 33. Bc4 Rd7
34. Rd3 Rgd8 35. Rh1 Qf8 36. Ka2 Ne7 37. Rhd1 Nd5 38. Bd2 Qg7 39. Ba5 Rg8 40.
f3 Bd8 41. Qe1 Qf6 42. Rb3 Rh8 43. Bxd8 Qxd8 44. Rdd3 Nf4 45. Rd1 Nd5 46. Qe5
Rh3 47. f4 Rh4 48. f5 Rxg4 49. fxe6 fxe6 50. Qxe6 Rgg7 51. Rd2 Rge7 52. Qh6 Re4
53. Qg6 Ree7 54. Qg5 Qe8 55. Rdd3 Re4 56. Qf5 Rf4 57. Qh3 Re4 58. Qg3 Qd8 59.
Qf3 Rf4 60. Qe2 Nc7 61. Qd2 Rfxd4 62. Rxd4 Rxd4 63. Rd3 Rxd3 64. Qxd3 Qxd3 65.
Bxd3 1/2-1/2

[Event "IX Miquel Mas de Figueres Open"]
[Site "Castell de Sant Ferran ESP"]
[Date "2008.08.07"]
[Round "7"]
[White "Corrales Jimenez, F."]
[Black "Prie, E."]
[Result "1/2-1/2"]
[WhiteElo "2504"]
[BlackElo "2526"]
[PlyCount "51"]
[EventDate "2008.08.02"]
[SourceDate "1999.07.01"]

1. e4 d5 2. exd5 Qxd5 3. Nc3 Qa5 4. d4 Nf6 5. Nf3 c6 6. Bc4 Bf5 7. Bd2 e6 8.
Qe2 Bb4 9. Ne5 Nbd7 10. O-O-O Nxe5 11. dxe5 Nd5 12. Bxd5 exd5 13. a3 Bxa3 14.
bxa3 Qxa3+ 15. Kb1 O-O-O 16. Qf3 Qb4+ 17. Ka1 Bxc2 18. Rc1 Qa5+ 19. Kb2 Qb4+
20. Ka1 Bb3 21. Na2 Qa4 22. Qf5+ Rd7 23. Qb1 Re8 24. Rhe1 Rde7 25. Bc3 d4 26.
Bd2 1/2-1/2

[Event "41st Festival MTO"]
[Site "Biel SUI"]
[Date "2008.07.30"]
[Round "9"]
[White "Belov, Vl"]
[Black "Bauer, Ch"]
[Result "1/2-1/2"]
[WhiteElo "2561"]
[BlackElo "2583"]
[PlyCount "33"]
[EventDate "2008.07.21"]
[SourceDate "1999.07.01"]

1. e4 d5 2. exd5 Qxd5 3. Nc3 Qa5 4. d4 Nf6 5. Nf3 c6 6. Bc4 Bf5 7. Bd2 e6 8.
Nd5 Qd8 9. Nxf6+ gxf6 10. Bb3 Nd7 11. Nh4 Bg6 12. Qf3 Qc7 13. O-O-O O-O-O 14.
Nxg6 hxg6 15. h4 f5 16. Bg5 Bh6 17. Qe3 1/2-1/2

[Event "XXX Nezhmetdinov Mem"]
[Site "Kazan RUS"]
[Date "2008.06.07"]
[Round "7"]
[White "Voitsekhovsky, S."]
[Black "Azarov, S."]
[Result "1/2-1/2"]
[WhiteElo "2511"]
[BlackElo "2585"]
[PlyCount "76"]
[EventDate "2008.06.01"]
[SourceDate "1999.07.01"]

1. e4 d5 2. exd5 Qxd5 3. Nc3 Qa5 4. g3 Nf6 5. Bg2 g6 6. Rb1 Nc6 7. h3 Bg7 8.
Nge2 O-O 9. a3 Qb6 10. O-O e5 11. Na4 Qb5 12. Nec3 Qc4 13. b4 Qe6 14. Nc5 Qd6
15. Nb5 Qd8 16. d4 exd4 17. Bb2 Rb8 18. Re1 Nd5 19. Nxd4 Nxd4 20. Bxd4 Nc3 21.
Bxc3 Bxc3 22. Re3 Bg7 23. Qe2 Qf6 24. Rd1 h5 25. Nd7 Bxd7 26. Rxd7 h4 27. Kh2
c6 28. Ree7 hxg3+ 29. fxg3 Qc3 30. Rxb7 Rxb7 31. Rxb7 Be5 32. Qd3 Qxd3 33. cxd3
Rd8 34. Re7 Bf6 35. Re3 Bg5 36. Re5 Bf6 37. Re3 Bg5 38. Rf3 Rd4 1/2-1/2

[Event "IX Dos Hermanas Internet"]
[Site "ICC INT"]
[Date "2008.04.05"]
[Round "3.2"]
[White "Zinchenko, Ya"]
[Black "Har Zvi, R."]
[Result "0-1"]
[WhiteElo "2516"]
[BlackElo "2512"]
[PlyCount "74"]
[EventDate "2008.04.04"]
[SourceDate "1999.07.01"]

1. e4 d5 2. exd5 Qxd5 3. Nc3 Qa5 4. Bc4 Nf6 5. d3 c6 6. Bd2 Bg4 7. f3 Bf5 8.
Nd5 Qd8 9. Nxf6+ exf6 10. Qe2+ Be7 11. O-O-O O-O 12. g4 Bc8 13. f4 b5 14. Bb3
a5 15. a4 Na6 16. d4 bxa4 17. Bxa4 Qxd4 18. Bb3 a4 19. Bc4 a3 20. c3 axb2+ 21.
Kxb2 Qb6+ 22. Kc2 Rb8 23. Qxe7 Nc5 24. Rc1 Bxg4 25. Ne2 Rfe8 26. Qxf7+ Kh8 27.
Rhg1 Qb2+ 28. Kd1 Rbd8 29. Rc2 Qb1+ 30. Rc1 Qb2 31. Rc2 Qb1+ 32. Rc1 Qf5 33. h3
Bxe2+ 34. Bxe2 g6 35. Rc2 Ne4 36. Qc4 Nxd2 37. Rxd2 Qb1# 0-1

[Event "ch-AZE"]
[Site "Baku AZE"]
[Date "2009.01.14"]
[Round "2"]
[White "Mirzoev, A."]
[Black "Ibrahimov, R."]
[Result "1/2-1/2"]
[WhiteElo "2564"]
[BlackElo "2568"]
[PlyCount "28"]
[EventDate "2009.01.13"]
[SourceDate "1999.07.01"]

1. e4 d5 2. exd5 Qxd5 3. Nc3 Qa5 4. Bc4 Nf6 5. Nge2 c6 6. d3 g6 7. O-O Bg7 8.
Ng3 O-O 9. Bd2 Qc7 10. a4 e5 11. h3 Re8 12. Nge4 Be6 13. Nxf6+ Bxf6 14. Bxe6
Rxe6 1/2-1/2

[Event "13th ch-CRO 2013"]
[Site "Plitvicka Jezera CRO"]
[Date "2013.01.21"]
[Round "1.2"]
[White "Brkic, A."]
[Black "Stevic, H."]
[Result "1/2-1/2"]
[WhiteElo "2581"]
[BlackElo "2618"]
[PlyCount "47"]
[EventDate "2013.01.21"]
[SourceDate "1999.07.01"]

1. e4 d5 2. exd5 Qxd5 3. Nc3 Qa5 4. d4 Nf6 5. Bd2 Bg4 6. f3 Bd7 7. Bc4 Qb6 8.
Nge2 e6 9. Be3 Nc6 10. a3 Ne7 11. O-O Ned5 12. Bf2 Be7 13. Bxd5 Nxd5 14. Nxd5
exd5 15. Nf4 Be6 16. Re1 O-O-O 17. b3 Bf6 18. Qd3 g6 19. Nxe6 fxe6 20. Re2 Rd6
21. Rae1 Re8 22. Qd2 Qb5 23. Qf4 Bh8 24. a4 1/2-1/2

[Event "Danilo Batricevic Mem Balkan GP"]
[Site "Cetinje MNE"]
[Date "2012.10.23"]
[Round "5.3"]
[White "Djukic, Ni"]
[Black "Savic, Miod1"]
[Result "1/2-1/2"]
[WhiteElo "2539"]
[BlackElo "2531"]
[PlyCount "124"]
[EventDate "2012.10.20"]
[SourceDate "1999.07.01"]

1. e4 d5 2. exd5 Qxd5 3. Nc3 Qa5 4. d4 c6 5. Nf3 Nf6 6. Bc4 Bg4 7. h3 Bxf3 8.
Qxf3 e6 9. O-O Be7 10. Ne4 Nxe4 11. Qxe4 Nd7 12. c3 Nf6 13. Qf3 O-O 14. Bd2
Rad8 15. Rad1 Rd7 16. Bc1 Rfd8 17. Bb3 Nd5 18. g3 Bf6 19. h4 Ne7 20. Rfe1 Qf5
21. Qe2 Qb5 22. Bc4 Qa5 23. a3 Nd5 24. Qf3 Nb6 25. Bd3 Qd5 26. Be4 Qb5 27. Bc2
Qd5 28. Qd3 Qh5 29. Qe4 g6 30. Rd3 Qf5 31. Qe2 Bg7 32. a4 Qd5 33. Qd1 Qd6 34.
h5 Qf8 35. Rf3 Qe7 36. Qe2 Rd5 37. hxg6 hxg6 38. Bb3 Rf5 39. Rxf5 gxf5 40. Qh5
Nd5 41. Kg2 Kf8 42. Bc2 Nf6 43. Qf3 Qd6 44. Bb3 Ng4 45. Bf4 Qe7 46. Qe2 Bh6 47.
f3 Bxf4 48. fxg4 Bd6 49. gxf5 Qg5 50. Qe3 Qxe3 51. Rxe3 exf5 52. Rf3 f4 53.
gxf4 c5 54. f5 cxd4 55. cxd4 Bb4 56. Rf4 Bd2 57. Rh4 Kg7 58. d5 Kf6 59. Rh7 Rd7
60. d6 Kxf5 61. Rxf7+ Rxf7 62. Bxf7 Kf6 1/2-1/2

[Event "Baku Open 2012"]
[Site "Baku AZE"]
[Date "2012.09.25"]
[Round "4.7"]
[White "Alekseev, Evgeny"]
[Black "Ghaem Maghami, E."]
[Result "1-0"]
[WhiteElo "2682"]
[BlackElo "2573"]
[PlyCount "101"]
[EventDate "2012.09.22"]
[SourceDate "1999.07.01"]

1. e4 d5 2. exd5 Qxd5 3. Nc3 Qa5 4. d4 Nf6 5. Nf3 c6 6. Bc4 Bf5 7. Bd2 e6 8.
Nd5 Qd8 9. Nxf6+ Qxf6 10. Qe2 Bg4 11. O-O-O Nd7 12. d5 Ba3 13. c3 cxd5 14. Bxd5
O-O 15. Be4 Be7 16. h3 Bxf3 17. Qxf3 Nc5 18. Qxf6 Bxf6 19. Bc2 b5 20. Be3 Rfc8
21. Bd4 Bxd4 22. Rxd4 a5 23. Kb1 Kf8 24. Rhd1 Ke7 25. a3 Rc7 26. Re1 g6 27. g4
Rb8 28. Re3 Nd7 29. f4 Rc4 30. Ree4 Nb6 31. Bd3 Rc5 32. Re1 Rd5 33. Rxd5 Nxd5
34. f5 Kd6 35. fxe6 fxe6 36. Kc2 b4 37. cxb4 axb4 38. a4 Nf4 39. Bc4 e5 40. Kb3
Nxh3 41. Rd1+ Kc7 42. Bb5 Rd8 43. Re1 Nf2 44. Rxe5 Nxg4 45. Re7+ Kd6 46. Rxh7
Nf6 47. Rh6 Kc5 48. Rxg6 Rd6 49. Rg2 Nd5 50. Rc2+ Kb6 51. Rd2 1-0

[Event "40th Olympiad Open"]
[Site "Istanbul TUR"]
[Date "2012.08.31"]
[Round "4.13"]
[White "Djukic, Ni"]
[Black "Papaioannou, I."]
[Result "1/2-1/2"]
[WhiteElo "2523"]
[BlackElo "2606"]
[PlyCount "74"]
[EventDate "2012.08.28"]
[SourceDate "1999.07.01"]
[WhiteTeam "Montenegro"]
[BlackTeam "Greece"]
[BlackTeamCountry "KGZ"]

1. e4 d5 2. exd5 Qxd5 3. Nc3 Qa5 4. d4 Nf6 5. Nf3 Bf5 6. Ne5 c6 7. Bd3 Bxd3 8.
Qxd3 Qa6 9. Qf3 Nbd7 10. Bf4 e6 11. O-O-O Be7 12. Nxd7 Nxd7 13. Qg3 Nf6 14.
Qxg7 Rg8 15. Qh6 b5 16. a3 Rg6 17. Qh3 b4 18. axb4 Bxb4 19. Kb1 Bxc3 20. Qxc3
Nd5 21. Qf3 Rf6 22. g3 Rb8 23. Qd3 Qxd3 24. Rxd3 Nxf4 25. gxf4 Rxf4 26. Rg1 Ke7
27. f3 Rb5 28. Rg4 Rf6 29. Rh4 h6 30. f4 a5 31. Kc1 Rb4 32. c3 Rb5 33. Rdh3 a4
34. Kc2 Ra5 35. Re3 a3 36. bxa3 Rxa3 37. Kb2 Ra8 1/2-1/2

[Event "2nd Split Open 2012"]
[Site "Split CRO"]
[Date "2012.08.19"]
[Round "9.1"]
[White "Brkic, A."]
[Black "Kurajica, B."]
[Result "1/2-1/2"]
[WhiteElo "2587"]
[BlackElo "2551"]
[PlyCount "27"]
[EventDate "2012.08.11"]
[SourceDate "1999.07.01"]

1. e4 d5 2. exd5 Qxd5 3. Nc3 Qa5 4. d4 g6 5. Nf3 Bg7 6. Bc4 Nf6 7. O-O O-O 8.
Re1 Bg4 9. Bd2 Qb6 10. Bb3 Nc6 11. Be3 Na5 12. h3 Nxb3 13. axb3 Bf5 14. Ne5
1/2-1/2

[Event "Prva liga RS seniori 2012"]
[Site "Banja Vrucica SRB"]
[Date "2012.08.16"]
[Round "6"]
[White "Brenjo, S."]
[Black "Savic, Miod1"]
[Result "0-1"]
[WhiteElo "2507"]
[BlackElo "2515"]
[PlyCount "100"]
[EventDate "2012.08.11"]
[SourceDate "1999.07.01"]
[WhiteTeam "SK PANTERI Bijeljina"]
[BlackTeam "SK DRINA Zvornik"]

1. e4 d5 2. exd5 Qxd5 3. Nc3 Qa5 4. d4 c6 5. Nf3 Nf6 6. Bc4 Bf5 7. Bd2 e6 8.
Qe2 Bb4 9. Ne5 Nbd7 10. Nxd7 Nxd7 11. a3 Nf6 12. O-O Bxc3 13. Bxc3 Qc7 14. a4
O-O 15. a5 b5 16. Ba2 a6 17. Bb4 Rfe8 18. Rfe1 Rad8 19. c3 h6 20. Qf3 Bg6 21.
Qg3 Qc8 22. Re5 Kh7 23. Ree1 Rd7 24. f3 Qd8 25. Qe5 Nd5 26. Bc5 Nf6 27. Bb3 Rb7
28. Qd6 Qc8 29. Qf4 Nd7 30. Qd6 Rd8 31. Red1 Nb6 32. Qe5 Nd7 33. Qg3 Nxc5 34.
dxc5 Rbd7 35. Rxd7 Rxd7 36. Rd1 Rxd1+ 37. Bxd1 Qd8 38. Qd6 Qxa5 39. Kf2 Qa1 40.
Qd2 a5 41. h4 h5 42. Be2 a4 43. Bf1 Qa2 44. Ke3 Qb1 45. Kf2 Qf5 46. Qe3 Qc2+
47. Qe2 Qc1 48. g3 Bc2 49. f4 Qxb2 50. Qd2 a3 0-1